| 000 | 01064nam a2200241 i 4500 | ||
|---|---|---|---|
| 001 | 000033114 | ||
| 003 | DO-SdBNP | ||
| 005 | 20231016150947.0 | ||
| 007 | ta | ||
| 008 | 110817s1991 dr r 000 0 spa d | ||
| 040 |
_aDO-SdBNP _bspa _cBNPHU _erda |
||
| 082 | 4 | _222 | |
| 245 | 0 | 0 | _aEducación y medios de comunicación en República Dominicana. |
| 264 |
_aSanto Domingo : _bCentro Editorial, _c1991. |
||
| 300 |
_a40 páginas ; _c21 cm. |
||
| 336 |
_2rdacontent _atexto _btxt |
||
| 337 |
_2rdamedia _asin mediación _bn |
||
| 338 |
_2rdacarrier _avolumen _bnc |
||
| 505 | 0 |
_ala radio como instrumento de la educación y la experiencia de radio Santa Maria / _rAntonio Lluveres, sj. -- _tLa responsabilidad social de la televisión / _rJuan Bolívar Díaz -- _tLa prensa escrita y al educación, una relación intermitente / _rFausto Rosario Adames -- _tBreves notas sobre la vinculación entre medios de comunicación social y educación / _rLeopoldo Artiles -- _tResumen de discursión. |
|
| 590 | _aInventariado, 2023/BT | ||
| 910 | _aBtavárez | ||
| 942 |
_2ddc _cLF2 |
||
| 999 |
_c32605 _d32605 |
||